Statistiques concernant Intercommunalités de la Corse-Du-Sud

Cliquez ici pour prendre le quiz!

Statistiques générales

  • Ce quiz a été pris 15 fois
  • Le résultat moyen est 4 sur 7

Statistiques - réponses

Nombres de communesIntercommunalités% Correct
10Communauté d'agglomération du Pays ajaccien
100%
07Communauté de communes du Sud Corse
100%
18Communauté de communes du Sartenais-Valinco-Taravo
69%
33Communauté de communes Spelunca-Liamone
31%
18Communauté de communes de l'Alta Rocca
23%
28Communauté de communes de la Pieve de l'Ornano et du Taravo
23%
10Communauté de communes Celavu-Prunelli
8%

Distribution des résultats

Percentile par nombre de réponses

% des personnes avec chaque résultat

Votre développement - résultats

Vous n’avez pas pris ce quiz